000 01298njm a22002657a 4500
005 20100909121124.0
007 sd ammalaaahaa
008 100909t xxu||||| |||| 00| 0 hin d
028 _aN. 54845
_bHis Master's Voice
035 _aGR-01427
040 _aSED/VEN
100 _aAsha Bhosle
_919120
245 _aWaqt :
_bHindustani /
_cby Asha Bhosle & Mahendra Kapoor ; music by Ravi ; lyric by Sahir Ludhianvi
_h[sound recording] :
246 _aवक़्त (आशा भोसले )
260 _aDum Dum India
_bHis Master's Voice
_c1965
300 _a1 sound disc [Gramophone record] :
_banalog, 33 1/3 rpm
_c10 in.
_fGramophone Record
500 _aBrief Record
505 _aDin hai bahar ke part 1 (Waqt) (Asha Bhosle) दिन है बहार के पार्ट १ (वक़्त ) (आशा भोसले ) Chehre pe khushi chha jati part 2 (Waqt) (Asha Bhosle) चेहरे पे ख़ुशी छा जाती पार्ट २ (वक़्त ) (आशा भोसले )
650 _aClassical Music
_xExcerpts
_zIndia
_919121
700 _aKapoor, Mahendra
_919152
700 _919123
_aRavi
700 _919124
_aSahir Ludhianvi
942 _2ddc
_cGR
999 _c44812
_d44812